[Event "Famalicao op 2nd"]
[Site "Famalicao"]
[Date "2014.09.01"]
[Round "2"]
[White "Ferreira, Luis Pedro Oliveira"]
[Black "Lemos, Artur Jorge Capela"]
[Result "1-0"]
[WhiteElo "1997"]
[BlackElo "1649"]
[PlyCount "73"]
[EventDate "2014.09.01"]
[EventType "swiss"]
[EventRounds "7"]
[EventCountry "POR"]
[SourceTitle "EXT 2018"]
[Source "ChessBase"]
[SourceDate "2017.10.13"]
[SourceVersion "1"]
[SourceVersionDate "2017.10.13"]
[SourceQuality "1"]

1. e4 e6 2. d3 d5 3. Nd2 dxe4 4. dxe4 Nd7 5. c3 Be7 6. Ngf3 Ngf6 7. Bc4 c6 8. Qe2 0-0 9. Nf1 b5 10. Bd3 e5 11. Ng3 Qc7 12. Nf5 Nc5 13. Nxe7+ Qxe7 14. Bc2 a5 15. Bg5 a4 16. h3 Ne6 17. Be3 Nd7 18. 0-0 f6 19. b4 g5 20. Rfd1 Rd8 21. a3 Ndf8 22. c4 Ba6 23. Bd3 Ng6 24. g3 Nd4 25. Bxd4 exd4 26. cxb5 Bxb5 27. Bxb5 cxb5 28. Nxd4 Re8 29. Nxb5 Qxe4 30. Qxe4 Rxe4 31. Rd4 Re7 32. Rad1 Rae8 33. Nc3 Ne5 34. Kg2 Kg7 35. Nxa4 Ra8 36. b5 Rb7 37. Rb1 1-0

[Event "POR-chT3 final"]
[Site "Matosinhos"]
[Date "2013.08.24"]
[Round "1.4"]
[White "Lemos, Artur Jorge Capela"]
[Black "Pacheco, Joao"]
[Result "0-1"]
[WhiteElo "1657"]
[BlackElo "2090"]
[PlyCount "124"]
[EventDate "2013.08.23"]
[EventType "team-swiss"]
[EventRounds "3"]
[EventCountry "POR"]
[SourceTitle "EXT 2015"]
[Source "ChessBase"]
[SourceDate "2014.11.20"]
[SourceVersion "1"]
[SourceVersionDate "2014.11.20"]
[SourceQuality "1"]
[WhiteTeam "Amigos de Urgezes II"]
[BlackTeam "Benfica"]
[WhiteTeamCountry "POR"]
[BlackTeamCountry "POR"]

1. d4 d5 2. Nf3 Nf6 3. Bg5 Nbd7 4. e3 c6 5. Nbd2 e6 6. Bd3 Be7 7. 0-0 0-0 8. c3 Qc7 9. Re1 Re8 10. e4 dxe4 11. Nxe4 Nxe4 12. Rxe4 h6 13. Bxe7 Rxe7 14. Rh4 Nf8 15. Ne5 f6 16. Ng4 Bd7 17. Qd2 f5 18. Ne5 Be8 19. Re1 Ng6 20. Rh3 Nxe5 21. Rxe5 Bf7 22. Rg3 Kh8 23. f4 Rd8 24. Rge3 Rd5 25. Qe2 Rxe5 26. Rxe5 g6 27. g4 fxg4 28. Qxg4 Kg7 29. h4 b6 30. h5 c5 31. Bxg6 cxd4 32. Bxf7+ Kxf7 33. Qg6+ Kf8 34. Qxh6+ Rg7+ 35. Kf2 dxc3 36. Qxe6 Rf7 37. Qe8+ Kg7 38. Rg5+ Kf6 39. Rg6+ Kf5 40. Qe6+ Kxf4 41. Rf6+ Rxf6 42. Qxf6+ Kg4 43. Qxc3 Qf4+ 44. Ke2 Qe4+ 45. Kd2 Kxh5 46. Qh8+ Kg6 47. Qg8+ Kf6 48. Qd8+ Qe7 49. Qh8+ Ke6 50. Qh3+ Kd5 51. Kc2 Qe2+ 52. Kb3 Qc4+ 53. Ka3 Qc5+ 54. Kb3 Qc4+ 55. Ka3 a5 56. Qf5+ Kd6 57. Qf6+ Kc7 58. Qc3 Qxc3+ 59. bxc3 Kd6 60. Kb3 Kd5 61. c4+ Kd4 62. a4 Kd3 0-1

[Event "Guimaraes op2"]
[Site "Guimaraes"]
[Date "2004.11.??"]
[Round "5"]
[White "Barbosa, Fabio Emanuel Olive"]
[Black "Lemos, Artur Jorge Capela"]
[Result "1-0"]
[WhiteElo "2008"]
[BlackElo "1773"]
[PlyCount "37"]
[EventDate "2004.11.??"]
[EventType "swiss"]
[EventRounds "7"]
[EventCountry "POR"]
[SourceTitle "CBM 103 Extra"]
[Source "ChessBase"]
[SourceDate "2005.01.01"]
[SourceVersion "1"]
[SourceVersionDate "2005.01.01"]
[SourceQuality "1"]

1. e4 c5 2. Nf3 d6 3. d4 cxd4 4. Nxd4 Nf6 5. Nc3 a6 6. f3 e6 7. Be3 Be7 8. Qd2 Nc6 9. 0-0-0 Nxd4 10. Bxd4 e5 11. Be3 h6 12. g4 Nd7 13. Kb1 Nb6 14. Qf2 Be6 15. Bxb6 Qd7 16. Nd5 Rc8 17. h4 0-0 18. g5 hxg5 19. hxg5 1-0

[Event "Guimaraes op"]
[Site "Guimaraes"]
[Date "2004.01.11"]
[Round "3.10"]
[White "Lemos, Artur Jorge Capela"]
[Black "Silva, Tiago G"]
[Result "0-1"]
[WhiteElo "1569"]
[BlackElo "1581"]
[PlyCount "58"]
[EventDate "2004.01.10"]
[EventType "swiss"]
[EventRounds "4"]
[EventCountry "POR"]
[SourceTitle "CBM 098 Extra"]
[Source "ChessBase"]
[SourceDate "2004.03.10"]
[SourceVersion "2"]
[SourceVersionDate "2004.03.10"]
[SourceQuality "1"]

1. c4 Nf6 2. Nc3 g6 3. b3 Bg7 4. Bb2 d6 5. e3 e5 6. d3 Nc6 7. Nf3 0-0 8. Nd5 Nxd5 9. cxd5 Ne7 10. e4 f5 11. Be2 Bd7 12. 0-0 f4 13. d4 exd4 14. Bxd4 h6 15. a4 g5 16. Bxg7 Kxg7 17. Qd4+ Kg8 18. Bd3 Ng6 19. e5 Bf5 20. e6 g4 21. Nd2 Qg5 22. g3 f3 23. Bxf5 Rxf5 24. Ne4 Qe7 25. Rfe1 Ne5 26. Nd2 Qg5 27. Nc4 Qh5 28. Kh1 Qh3 29. Ne3 Rh5 0-1